000 00332nam a2200157Ia 4500
003 0STCL
008 150530s9999 xx 000 0 und d
040 _aSTCL
_cSTCL
100 _aMohan,M.C.
245 _aGeneral Knowledge
260 _c1950
546 _aEnglish
942 _2ddc
_cBK
999 _c1753
_d1753
005 20220125160227.0